00482nam a22001097a 4500008004100000040005500041080003600096245016600132260005200298300001000350650001200360230606b |||||||| |||| 00| 0 eng d aNational Science LibrarycNational Science Library a62.001.1/.2(540-202)(082.2)bM3 aTechnology futurec/ Second convention on futurology and seminar on technology future for rural development in 2000 A D at Hyderabad on 2nd, 3rd and 4th May 1982 aHyderabad: bJ N T University Hyderabad, c1982 a129p. aSeminar